|
|
|
|
| LEADER |
01581nam a2200337 a 4500 |
| 001 |
00018066 |
| 003 |
BD-DhAAL |
| 008 |
111120s2004 maua b 001 0 eng |
| 999 |
|
|
|c 11454
|d 11454
|
| 020 |
|
|
|a 0131411551
|
| 020 |
|
|
|a 9788120328235
|
| 040 |
|
|
|a JRZ
|c JRZ
|d OCLCQ
|d LND
|d BD-DhAAL
|
| 082 |
0 |
0 |
|a 005.712768
|2 22
|
| 100 |
1 |
|
|a Stevens, W. Richard
|9 31472
|
| 245 |
1 |
0 |
|a UNIX network programming.
|n Volume 1,
|p The sockets networking API /
|c W. Richard Stevens, Bill Fenner, Andrew M. Rudoff
|
| 246 |
3 |
0 |
|a Sockets networking API
|
| 250 |
|
|
|a 3rd ed
|
| 260 |
|
|
|a Boston, MA :
|b Addison-Wesley ;
|a New Delhi :
|b Prentice Hall,
|c c2004
|
| 300 |
|
|
|a xxiii, 991 p. :
|b ill. ;
|c 25 cm.
|
| 504 |
|
|
|a Includes bibliographical references (p. 947-954) and index.
|
| 541 |
|
|
|e 00018066
|
| 630 |
0 |
0 |
|a UNIX (Computer file)
|9 31473
|
| 650 |
|
0 |
|a Computer networks
|9 31474
|
| 650 |
|
0 |
|a Internet programming
|9 31475
|
| 700 |
1 |
|
|a Fenner, Bill
|9 31476
|
| 700 |
1 |
|
|a Rudoff, Andrew M.
|9 31477
|
| 852 |
1 |
|
|a Ayesha Abed Library
|c General shelf.
|
| 942 |
|
|
|2 ddc
|c BK
|
| 952 |
|
|
|0 0
|1 0
|2 ddc
|4 0
|6 005_712768000000000_STE
|7 0
|9 18615
|a BRACUL
|b BRACUL
|c GEN
|d 2011-11-21
|l 0
|o 005.712768 STE
|p 3010018066
|r 2011-11-21
|t 1
|w 2011-11-21
|y BK
|
| 952 |
|
|
|0 0
|1 0
|2 ddc
|4 0
|6 005_712768000000000_STE
|7 0
|9 18616
|a BRACUL
|b BRACUL
|c GEN
|d 2011-11-21
|l 2
|m 60
|o 005.712768 STE
|p 3010018067
|q 2025-12-28
|r 2025-04-09
|s 2025-04-09
|t 2
|w 2011-11-21
|y BK
|
| 952 |
|
|
|0 0
|1 0
|2 ddc
|4 0
|6 005_712768000000000_STE
|7 0
|9 18675
|a BRACUL
|b BRACUL
|c GEN
|d 2011-11-21
|g 408.50
|l 2
|m 11
|o 005.712768 STE
|p 3010013403
|r 2015-08-08
|s 2015-05-06
|t 3
|w 2011-11-24
|y BK
|